000 00396pab a2200157 454500
008 180718b2006 xxu||||| |||| 00| 0 eng d
100 _aGandhi, Nandita
245 _aInter movement dialogues: breaking barriers, building bridges
260 _c2006
300 _ap.72-75.
362 _aMar
650 _aSocial movements
700 _aShah, Nandita
773 _aDevelopment
909 _a71552
999 _c71552
_d71552